[Event "IECG CE.2001.0.00008 email"]
[Site "IECG email"]
[Date "2001.08.11"]
[Round "?"]
[White "Allen, Richard G"]
[Black "Burk, Klaus"]
[Result "0-1"]
[WhiteElo "1205"]
[BlackElo "1200"]
[PlyCount "165"]
[EventDate "2001.08.11"]
[EventType "tourn (corr)"]
[EventRounds "6"]
[SourceTitle "Corr 2008"]
[Source "ChessBase"]
[SourceDate "2008.06.24"]
[SourceVersion "1"]
[SourceVersionDate "2008.06.24"]
[SourceQuality "1"]

1. Nf3 Nf6 2. g3 d5 3. Bg2 c6 4. d4 Bf5 5. 0-0 h6 6. c4 e6 7. Qb3 Qb6 8. Nbd2 Nbd7 9. Nh4 Bg4 10. Re1 Qxb3 11. axb3 Bb4 12. h3 Bh5 13. g4 g5 14. gxh5 gxh4 15. Rd1 Nxh5 16. Nf3 Be7 17. Bd2 a6 18. Kh1 0-0-0 19. Re1 Nhf6 20. cxd5 Nxd5 21. e4 Nb4 22. Red1 Nf6 23. Bxb4 Bxb4 24. Nxh4 Be7 25. e5 Nd5 26. Nf3 Rhf8 27. Re1 f6 28. Rad1 fxe5 29. Rxe5 Rf6 30. Ree1 Bd6 31. Rf1 Nf4 32. Ne5 Rf5 33. Nc4 Bc7 34. Rfe1 Rg5 35. Bf1 Rdg8 36. Ne5 Rg1+ 37. Kh2 c5 38. dxc5 Rxf1 39. Rxf1 Bxe5 40. Rd2 Rg5 41. Rfd1 Kc7 42. b4 Kc6 43. Rf1 Nd5+ 44. Kh1 Nxb4 45. f4 Rf5 46. Re2 Rxf4 47. Rxf4 Bxf4 48. Rxe6+ Kxc5 49. Kg2 Nd3 50. Kf3 Bc1 51. Re7 Kc6 52. Re2 Bxb2 53. Re6+ Kc5 54. Rxh6 a5 55. Ke2 Kc4 56. Rb6 a4 57. Rxb7 Nb4 58. Rc7+ Kb3 59. Kf3 a3 60. Ra7 a2 61. Rxa2 Nxa2 62. Kg4 Kc4 63. h4 Kd5 64. Kg5 Ke5 65. h5 Nc3 66. Kg6 Nd5 67. h6 Ke6 68. Kh5 Kf5 69. Kh4 Nf6 70. Kg3 Bc1 71. h7 Nxh7 72. Kf3 Ng5+ 73. Ke2 Ke4 74. Kf2 Kf4 75. Ke2 Be3 76. Kd3 Ne6 77. Kc4 Ke4 78. Kb5 Kd5 79. Kb4 Bc5+ 80. Kc3 Nf4 81. Kb3 Kd4 82. Ka4 Nd5 83. Kb5 0-1

[Event "IECG CE.2001.0.00007 email"]
[Site "IECG email"]
[Date "2001.07.30"]
[Round "?"]
[White "Burk, Klaus"]
[Black "Mallet, Bruno"]
[Result "1-0"]
[WhiteElo "1200"]
[BlackElo "1300"]
[PlyCount "50"]
[EventDate "2001.07.30"]
[EventType "tourn (corr)"]
[EventRounds "6"]
[SourceTitle "Corr 2008"]
[Source "ChessBase"]
[SourceDate "2008.06.24"]
[SourceVersion "1"]
[SourceVersionDate "2008.06.24"]
[SourceQuality "1"]

1. e4 e5 2. Bc4 Nf6 3. Nc3 Nxe4 4. Qh5 Nd6 5. Bb3 Be7 6. Nf3 Nc6 7. Nxe5 g6 8. Nxc6 dxc6 9. Qa5 0-0 10. 0-0 b6 11. Qa4 c5 12. d3 Bb7 13. Nd5 Bg5 14. Re1 Bxc1 15. Raxc1 Nf5 16. Qe4 Rb8 17. Ne7+ Nxe7 18. Qxe7 Bd5 19. Qxd8 Rfxd8 20. Bxd5 Rxd5 21. Re7 Rc8 22. Rce1 Rdd8 23. g4 Kf8 24. Kg2 Re8 25. Rxe8+ Rxe8 1-0

[Event "IECG RE.2001.0.00001"]
[Site "IECG email"]
[Date "2001.07.08"]
[Round "?"]
[White "Burk, Klaus"]
[Black "Cazeri, Jose Roque Jr"]
[Result "1/2-1/2"]
[WhiteElo "1200"]
[BlackElo "1270"]
[PlyCount "50"]
[EventDate "2001.07.08"]
[EventType "tourn (corr)"]
[EventRounds "6"]
[SourceTitle "Corr 2008"]
[Source "ChessBase"]
[SourceDate "2008.06.24"]
[SourceVersion "1"]
[SourceVersionDate "2008.06.24"]
[SourceQuality "1"]

1. e4 c6 2. d4 d5 3. e5 Bf5 4. Nf3 e6 5. Be2 c5 6. c3 Nc6 7. 0-0 cxd4 8. cxd4 Nge7 9. Nc3 Nc8 10. Be3 Nb6 11. Rc1 Be7 12. Na4 Nxa4 13. Qxa4 0-0 14. a3 Qb6 15. b4 a6 16. Rc3 Rfc8 17. Rfc1 h6 18. Ne1 Qd8 19. Bd3 Bxd3 20. Nxd3 Rc7 21. Nc5 Bxc5 22. bxc5 Qh4 23. f3 Ne7 24. Rb1 b5 25. Qd1 Nc6 1/2-1/2

[Event "IECG RE.2001.0.00001"]
[Site "IECG email"]
[Date "2001.07.08"]
[Round "?"]
[White "Dehaybe, Andre"]
[Black "Burk, Klaus"]
[Result "1/2-1/2"]
[WhiteElo "1300"]
[BlackElo "1200"]
[PlyCount "123"]
[EventDate "2001.07.08"]
[EventType "tourn (corr)"]
[EventRounds "6"]
[SourceTitle "Corr 2008"]
[Source "ChessBase"]
[SourceDate "2008.06.24"]
[SourceVersion "1"]
[SourceVersionDate "2008.06.24"]
[SourceQuality "1"]

1. d3 e5 2. g3 d5 3. Bg2 Nc6 4. Nf3 Bg4 5. c4 dxc4 6. Qa4 Bb4+ 7. Bd2 Qe7 8. a3 Bxd2+ 9. Nbxd2 Nf6 10. Nxc4 0-0 11. h3 Bd7 12. Rc1 Rfe8 13. Qc2 a5 14. 0-0 a4 15. e3 e4 16. dxe4 Qxe4 17. Qxe4 Nxe4 18. Rfd1 Be6 19. Nd4 Nxd4 20. Rxd4 Nc5 21. Nd2 Ra5 22. Kf1 Rb5 23. Ke1 c6 24. Bf1 Nb3 25. Nxb3 Rxb3 26. Rc2 Ra8 27. h4 Kf8 28. Bg2 Ra5 29. Kd1 c5 30. Rdd2 c4 31. Be4 Re5 32. Rd4 Rc5 33. Kc1 f5 34. Bd3 b5 35. Be2 c3 36. Kb1 Rc8 37. Bd3 Ke7 38. h5 h6 39. Be2 Kf7 40. Bf3 Kf6 41. Bd1 b4 42. Rxb4 Rxb4 43. axb4 Bb3 44. bxc3 Bxc2+ 45. Kxc2 a3 46. Kb3 Rd8 47. Bf3 Rd2 48. Kxa3 Rxf2 49. Bc6 Re2 50. b5 Rxe3 51. Kb4 Ke7 52. c4 Rxg3 53. b6 Kd8 54. c5 Rg4+ 55. Kb5 Rg1 56. Bd5 Rd1 57. Be6 Re1 58. Bc4 Rb1+ 59. Kc6 Kc8 60. Kd6 Rd1+ 61. Ke5 Re1+ 62. Kd6 1/2-1/2

[Event "IECG RE.2001.0.00001"]
[Site "IECG email"]
[Date "2001.07.08"]
[Round "?"]
[White "Howes, Tony"]
[Black "Burk, Klaus"]
[Result "0-1"]
[WhiteElo "1270"]
[BlackElo "1200"]
[PlyCount "36"]
[EventDate "2001.07.08"]
[EventType "tourn (corr)"]
[EventRounds "6"]
[SourceTitle "Corr 2008"]
[Source "ChessBase"]
[SourceDate "2008.06.24"]
[SourceVersion "1"]
[SourceVersionDate "2008.06.24"]
[SourceQuality "1"]

1. e4 e5 2. Nc3 Nf6 3. f4 d5 4. fxe5 Nxe4 5. d3 Nxc3 6. bxc3 Nc6 7. Nf3 d4 8. Be2 dxc3 9. d4 Bf5 10. 0-0 Qd5 11. Be3 Qe4 12. Bg5 Qxc2 13. Qxc2 Bxc2 14. Rac1 Be4 15. Rxc3 Bb4 16. Rcc1 Ba5 17. Bc4 0-0 18. Nd2 Bg6 0-1

[Event "IECG RE.2001.0.00001"]
[Site "IECG email"]
[Date "2001.07.08"]
[Round "?"]
[White "Pott, Brian"]
[Black "Burk, Klaus"]
[Result "0-1"]
[WhiteElo "1200"]
[BlackElo "1200"]
[PlyCount "74"]
[EventDate "2001.07.08"]
[EventType "tourn (corr)"]
[EventRounds "6"]
[SourceTitle "Corr 2008"]
[Source "ChessBase"]
[SourceDate "2008.06.24"]
[SourceVersion "1"]
[SourceVersionDate "2008.06.24"]
[SourceQuality "1"]

1. e4 e5 2. Nf3 Nc6 3. Bc4 Bc5 4. c3 Nf6 5. d4 exd4 6. cxd4 Bb4+ 7. Nc3 Nxe4 8. 0-0 Bxc3 9. d5 Bf6 10. Re1 Ne7 11. Rxe4 d6 12. Bg5 Bxg5 13. Nxg5 h6 14. Qh5 0-0 15. Rae1 Nf5 16. Nf3 g6 17. Qh3 h5 18. Nd2 c5 19. Qc3 a6 20. Bd3 Nd4 21. R4e3 b5 22. Nb3 Qf6 23. Re4 Bf5 24. R4e3 Bxd3 25. Rxd3 Rfe8 26. Nxd4 cxd4 27. Rxe8+ Rxe8 28. Qd2 Qf5 29. h3 Re1+ 30. Qxe1 Qxd3 31. Kh2 Qc2 32. Qe8+ Kg7 33. Qc6 d3 34. Qxd6 Qxb2 35. Qe7 d2 36. d6 d1Q 37. d7 Qxf2 0-1

[Event "IECG C3.2000.0.00164"]
[Site "IECG email"]
[Date "2000.11.21"]
[Round "?"]
[White "Burk, Klaus"]
[Black "Holmberg, Per Arne"]
[Result "0-1"]
[WhiteElo "1200"]
[BlackElo "1328"]
[PlyCount "26"]
[EventDate "2000.11.21"]
[EventType "tourn (corr)"]
[EventRounds "6"]
[SourceTitle "Corr 2008"]
[Source "ChessBase"]
[SourceDate "2008.06.24"]
[SourceVersion "1"]
[SourceVersionDate "2008.06.24"]
[SourceQuality "1"]

1. e4 e6 2. d4 d5 3. Nc3 Bb4 4. e5 b6 5. Qg4 g6 6. Bd2 h5 7. Qf4 Ba6 8. Nf3 Bxf1 9. Rxf1 Nd7 10. 0-0-0 c6 11. a3 Bf8 12. h3 Bh6 13. g4 Bxf4 0-1